header

Animals for research (Record no. 45529)

MARC details
000 -LEADER
fixed length control field 01138nam a2200277Ia 4500
245 10 - TITLE STATEMENT
Title Animals for research
250 ## - EDITION STATEMENT
Edition statement 10th ed.
260 ## - PUBLICATION, DISTRIBUTION, ETC. (IMPRINT)
Place of publication Washington, D.C. :
Name of publisher National Academy Press,
Year of publication 1979.
300 ## - PHYSICAL DESCRIPTION
Number of Pages x, 141 p.
650 #0 - SUBJECT ADDED ENTRY--TOPICAL TERM
Topical Term Laboratory animals
Topical Term Animal experimentation.
856 40 - ELECTRONIC LOCATION AND ACCESS
Uniform Resource Identifier http://site.ebrary.com/lib/rucke/Doc?id=10060415

No items available.

© 2026 Rongo University
Contact us: librarian | system librarian | Rongo university